| 000 | 00999 a2200253 4500 | ||
|---|---|---|---|
| 008 | 130821s2012 xxua gr eng | ||
| 020 | _a9780415898065 | ||
| 040 |
_aCO-BoUCM _bspa _cAdriana León _dAldemar Mondragón (modificó) |
||
| 041 | 0 | 0 | _aeng |
| 245 | 0 | 0 |
_aPaying the professoriate _ba global comparison of compensation and contracts _cPhilip G. Altbach...[y otros] |
| 260 |
_aNueva York (Estados Unidos) _bRoutledge _c2012 |
||
| 300 |
_axiv, 368 páginas _bgráficas, tablas |
||
| 504 | _aIncluye referencias bibliográficas e índices | ||
| 650 | 7 |
_aEducación superior _xSalarios _940849 |
|
| 650 | 7 |
_aProfesores _xSalarios _940848 |
|
| 690 | _aEducación superior | ||
| 700 | 1 |
_aAltbach, Philip _eeditor _941585 |
|
| 700 | 1 |
_aAndroushchak, Gregory _eeditor _941588 |
|
| 700 | 1 |
_aPacheco, Iván _941589 _eeditor |
|
| 700 | 1 |
_aReisberg, Liz _eeditor _941586 |
|
| 700 | 1 |
_aYudkevich, Maria _eeditor _941587 |
|
| 942 |
_cLIBRO _a10 _e1 _mP344 _2DEWEY _h378.12 |
||
| 999 |
_c167432 _d167432 |
||